000 00534nam a22001817a 4500
005 20140722112424.0
010 _aENG-109993
020 _c475.00
_a9789380151601
035 _aEN-93526
037 _bDBAD/PUB
082 _a823.92
100 _aSitaraman
245 0 0 _aThe whistleblowers :
_cby Sitaraman
_bof doing what is right /
260 _aGoa
_bCinnamonTeal
_c2010
270 _aPlot No 16,Gogal, Housing Board Colony
_bMargao Goa
_e403601
300 _a221p.
_c23cm(pbk)
942 _2ddc
_cEN
_mSIT
_h823.92
999 _c84142
_d84142